000 01506namaa22003611i 4500
003 EG-GICUC
005 20260429111705.0
008 260427m19891996ti h|||jr|||| 001 0 ara d
017 _a89 / 144
_bالمكتبة الوطنية (تونس)
020 _a9973911121 (v.1)
020 _a9973911393 (v.2)
020 _a9973767128 (v.3)
040 _aEG-GiCUC
_bara
_cEG-GiCUC
_dEG-GiCUC
_erda
043 _af----ti
082 0 4 _221
_a811.009
_bA165
092 0 4 _221
_a811.009
_bA165
099 _a811.009 A165
100 1 _aالهروى، أبى عبيد القاسم بن سلام
_eمؤلف.
245 1 2 _aالغريب المصنف /
_cلأبى عبيد القاسم بن سلام الهروى ؛ حققه وقدم له محمد المختار العبيدى
250 _aالطبعة الاولى
264 _aتونس :
_bالمؤسسة الوطنية للترجمة والتحقيق والدراسات . بيت الحكمة،
_c(1989-1996)
300 _aمجلدات 3 (1-1145) :
_bإيضاحيات ؛
_c24 سم
336 _2rdacontent
_atext
337 _2rdamedia
_aUnmediated
338 _2rdacarrier
_avolume
504 _aيشتمل على ارجاعات ببليوجرافية وكشافات.
541 _aد. جابر عصفور ؛
_bالقاهرة ؛
_cإهداء ؛
_d2024.
650 1 7 _aالشعر العربى
_xتاريخ ونقد
_2qrmak
651 1 _2qrmak
700 1 _aالعبيدى، محمد المختار
_eمحقق.
905 _aNermeen
942 _2ddc
_cBK
_e21
_n0
999 _c179764
_d179764